Gaming Quiz

Random Gaming or Nintendo Quiz

Super Smash Bros. Silhouettes Quiz Stats

 Plays Quiz Updated May 26, 2013

Challenge
Share
Tweet
Score 0/25 Timer 04:00
0 Plays Today
% Correct
Mario
99.3%
Luigi
98.5%
Pikachu
96.7%
Bowser
96.1%
Sonic
95.8%
Peach
93.9%
Link
93%
Donkey Kong
92.4%
Kirby
91.5%
Jigglypuff
89.9%
Yoshi
86.5%
Mewtwo
85.4%
Diddy Kong
84.7%
% Correct
Fox
84.7%
Samus
82.6%
Pichu
76.2%
Ness
75.4%
Falco
74.5%
Marth
67.3%
Ganondorf
67.2%
Pit
64.6%
Ice Climbers
62.7%
Wolf
60.5%
Sheik
59.1%
Dr. Mario
54.7%

You're not logged in!

Compare scores with friends on all Sporcle quizzes.
OR
Log In

You Might Also Like...

Show Comments

Extras

Top Quizzes Today


Score Distribution

Your Account Isn't Verified!

In order to create a playlist on Sporcle, you need to verify the email address you used during registration. Go to your Sporcle Settings to finish the process.

Report this User

Report this user for behavior that violates our Community Guidelines.

Details: